[Event "EU-Cup 39th"]
[Site "Vrnjacka Banja"]
[Date "2024.10.26"]
[Round "7.38"]
[White "Cocquyt, Tijs"]
[Black "Copeland, Dean"]
[Result "1-0"]
[WhiteElo "2038"]
[BlackElo "1844"]
[PlyCount "65"]
[EventDate "2024.10.20"]
[EventType "team-swiss"]
[EventRounds "7"]
[EventCountry "SRB"]
[SourceTitle "CB45_2024"]
[Source "ChessBase"]
[SourceDate "2024.11.06"]
[SourceVersion "1"]
[SourceVersionDate "2024.11.06"]
[SourceQuality "1"]
[WhiteTeam "Ostend"]
[BlackTeam "Dublin Univ College"]
[WhiteTeamCountry "BEL"]
[BlackTeamCountry "IRL"]

1. e4 c5 2. Nf3 e6 3. d4 cxd4 4. Nxd4 Nc6 5. Nc3 Qc7 6. Be3 a6 7. a3 Nf6 8. f4 d6 9. Qf3 Be7 10. 0-0-0 Bd7 11. Bd3 b5 12. Nxc6 Bxc6 13. g4 d5 14. g5 dxe4 15. Nxe4 Nxe4 16. Bxe4 Bxe4 17. Qxe4 0-0 18. h4 Bc5 19. Bxc5 Qxc5 20. h5 Qf5 21. Qxf5 exf5 22. Rd5 g6 23. Rd6 Rfe8 24. h6 Kf8 25. Rhd1 Ra7 26. R1d4 a5 27. Rb6 b4 28. axb4 axb4 29. Rdxb4 Rd7 30. b3 Re4 31. Rb8+ Ke7 32. Rxe4+ fxe4 33. Rb4 1-0

[Event "EU-Cup 39th"]
[Site "Vrnjacka Banja"]
[Date "2024.10.22"]
[Round "3.3"]
[White "Cocquyt, Tijs"]
[Black "Webb, Laurence"]
[Result "1/2-1/2"]
[WhiteElo "2038"]
[BlackElo "2195"]
[PlyCount "107"]
[EventDate "2024.10.20"]
[EventType "team-swiss"]
[EventRounds "7"]
[EventCountry "SRB"]
[SourceTitle "CB44_2024"]
[Source "Chessbase"]
[SourceDate "2024.10.30"]
[SourceVersion "1"]
[SourceVersionDate "2024.10.30"]
[SourceQuality "1"]
[WhiteTeam "Ostend"]
[BlackTeam "Blackthorne"]
[WhiteTeamCountry "BEL"]
[BlackTeamCountry "ENG"]

1. e4 e5 2. Nf3 Nc6 3. Nc3 Nf6 4. Bb5 Bb4 5. 0-0 0-0 6. Bxc6 dxc6 7. d3 Bd6 8. h3 c5 9. Ne2 Re8 10. Ng3 Nd7 11. Nf5 Nf8 12. Bg5 f6 13. Nxd6 cxd6 14. Be3 b6 15. Nd2 d5 16. exd5 Qxd5 17. Qf3 Qxf3 18. Nxf3 Ne6 19. Nd2 Bb7 20. Nc4 Rad8 21. a4 e4 22. dxe4 Ba6 23. b3 Bxc4 24. bxc4 Nd4 25. Bxd4 Rxd4 26. f3 Rxc4 27. Rfd1 Re7 28. Ra2 Kf7 29. Rd6 Rc7 30. Kf2 Ke7 31. Rd2 h5 32. h4 Ke6 33. Ke3 g6 34. g3 f5 35. Ra3 fxe4 36. fxe4 Rd4 37. Rxd4 cxd4+ 38. Kxd4 Rxc2 39. a5 b5 40. a6 Rc4+ 41. Kd3 Kd6 42. Ra1 Ke5 43. Ra5 Rd4+ 44. Kc3 Kxe4 45. Rxb5 Rd6 46. Rg5 Kf3 47. Kb3 Rxa6 48. Kb2 Re6 49. Ka2 a5 50. Kb2 a4 51. Ka2 Re2+ 52. Ka1 Rg2 53. Rxg6 Rxg3 54. Rg5 1/2-1/2

[Event "EU-Cup 39th"]
[Site "Vrnjacka Banja"]
[Date "2024.10.21"]
[Round "2.3"]
[White "Cordts, Ingo"]
[Black "Cocquyt, Tijs"]
[Result "1/2-1/2"]
[WhiteElo "2212"]
[BlackElo "2038"]
[PlyCount "60"]
[EventDate "2024.10.20"]
[EventType "team-swiss"]
[EventRounds "7"]
[EventCountry "SRB"]
[SourceTitle "CB44_2024"]
[Source "Chessbase"]
[SourceDate "2024.10.30"]
[SourceVersion "1"]
[SourceVersionDate "2024.10.30"]
[SourceQuality "1"]
[WhiteTeam "D Ans Loncin"]
[BlackTeam "Ostend"]
[WhiteTeamCountry "BEL"]
[BlackTeamCountry "BEL"]

1. Nf3 Nf6 2. c4 c5 3. Nc3 Nc6 4. d4 cxd4 5. Nxd4 e6 6. Ndb5 d5 7. Bf4 e5 8. cxd5 exf4 9. dxc6 bxc6 10. Qxd8+ Kxd8 11. Rd1+ Bd7 12. Nd6 Bxd6 13. Rxd6 Rb8 14. Rd2 Kc7 15. g3 fxg3 16. hxg3 Be6 17. Bg2 Rhd8 18. b3 Rxd2 19. Kxd2 Rd8+ 20. Kc1 h6 21. Rh4 Ng4 22. Nd1 Nf6 23. Ra4 Kb6 24. Ne3 Ne8 25. Rb4+ Kc7 26. Nc2 Nd6 27. Ra4 Kb6 28. Nb4 c5 29. Nc6 Rc8 30. Ne5 Re8 1/2-1/2

[Event "Bruges op"]
[Site "Bruges"]
[Date "2024.08.12"]
[Round "4"]
[White "Moeller, Hendrik"]
[Black "Cocquyt, Tijs"]
[Result "1/2-1/2"]
[WhiteElo "2215"]
[BlackElo "2008"]
[PlyCount "80"]
[EventDate "2024.08.10"]
[EventType "swiss"]
[EventRounds "9"]
[EventCountry "BEL"]
[SourceTitle "CBM 221 Extra"]
[Source "ChessBase"]
[SourceDate "2024.09.30"]
[SourceVersion "1"]
[SourceVersionDate "2024.09.30"]
[SourceQuality "1"]

1. c4 Nf6 2. g3 c5 3. Bg2 d5 4. cxd5 Nxd5 5. Nc3 Nc7 6. Nf3 Nc6 7. a3 Rb8 8. b4 cxb4 9. axb4 b5 10. Ng5 Bb7 11. Nge4 e5 12. Nc5 Bxc5 13. bxc5 0-0 14. Bb2 b4 15. Ne4 Nb5 16. Qa4 Ba8 17. 0-0 f5 18. Nd6 Nxd6 19. Bxc6 Bxc6 20. Qxc6 Nf7 21. d3 Qe7 22. Rfc1 Rfc8 23. Qd5 Rc7 24. c6 h5 25. Ra5 Rd8 26. Qc4 Kh7 27. Rc5 Rd6 28. Qb5 Re6 29. Rd5 Rd6 30. Rdc5 Re6 31. R1c2 h4 32. Bc1 hxg3 33. hxg3 Nd8 34. Be3 f4 35. Bd2 b3 36. R2c4 b2 37. Qxb2 Rcxc6 38. Qb5 fxg3 39. fxg3 Rxc5 40. Qxc5 Qxc5+ 1/2-1/2

[Event "BEL-chT 2223"]
[Site "Belgium"]
[Date "2023.04.16"]
[Round "10.2"]
[White "Coenen, Norbert"]
[Black "Cocquyt, Tijs"]
[Result "1-0"]
[WhiteElo "2262"]
[BlackElo "2024"]
[PlyCount "53"]
[EventDate "2022.09.25"]
[EventType "team-tourn"]
[EventRounds "11"]
[EventCountry "BEL"]
[SourceTitle "EXT 2024"]
[Source "ChessBase"]
[SourceDate "2023.10.10"]
[SourceVersion "1"]
[SourceVersionDate "2023.10.10"]
[SourceQuality "1"]
[WhiteTeam "Eupen Rochade"]
[BlackTeam "Oostende"]
[WhiteTeamCountry "BEL"]
[BlackTeamCountry "BEL"]

1. e4 d6 2. d4 Nf6 3. Nc3 e5 4. Nf3 Nbd7 5. Bc4 Be7 6. 0-0 0-0 7. a4 exd4 8. Nxd4 Ne5 9. Ba2 Nc6 10. Re1 Nb4 11. Bb3 a6 12. Nd5 Nbxd5 13. exd5 Bg4 14. Qd3 Re8 15. Qg3 Qd7 16. h3 Bh5 17. a5 Bd8 18. f3 Rxe1+ 19. Qxe1 c5 20. dxc6 bxc6 21. Ba4 Qa7 22. Bxc6 Rc8 23. Be3 Qc5 24. Bb7 Nd5 25. Bxc8 Qxc8 26. Bf2 Bf6 27. Qe4 1-0

[Event "BEL-chT 2223"]
[Site "Belgium"]
[Date "2022.10.16"]
[Round "2.7"]
[White "Kalle, Erwin"]
[Black "Cocquyt, Tijs"]
[Result "1/2-1/2"]
[WhiteElo "2055"]
[BlackElo "2024"]
[PlyCount "55"]
[EventDate "2022.09.25"]
[EventType "team-tourn"]
[EventRounds "11"]
[EventCountry "BEL"]
[SourceTitle "EXT 2024"]
[Source "ChessBase"]
[SourceDate "2023.10.10"]
[SourceVersion "1"]
[SourceVersionDate "2023.10.10"]
[SourceQuality "1"]
[WhiteTeam "Brasschaat"]
[BlackTeam "Oostende"]
[WhiteTeamCountry "BEL"]
[BlackTeamCountry "BEL"]

1. e4 d6 2. d4 Nf6 3. Nc3 e5 4. Nge2 Be7 5. h3 0-0 6. g3 a6 7. a4 b6 8. Bg2 Bb7 9. 0-0 Re8 10. g4 exd4 11. Qxd4 c5 12. Qd1 Bf8 13. Ng3 Nc6 14. g5 Nd7 15. Nf5 Nb4 16. Bf4 Ne5 17. h4 Qd7 18. Re1 d5 19. Bxe5 Rxe5 20. f4 Rxf5 21. exf5 Qxf5 22. Nxd5 Nxd5 23. c4 Qxf4 24. Bxd5 Qg3+ 25. Kf1 Qh3+ 26. Kg1 Qg3+ 27. Kf1 Qh3+ 28. Kg1 1/2-1/2

[Event "Cappelle op 36th"]
[Site "Cappelle la Grande"]
[Date "2020.02.22"]
[Round "1"]
[White "Demuth, Adrien"]
[Black "Cocquyt, Tijs"]
[Result "1-0"]
[WhiteElo "2500"]
[BlackElo "2116"]
[PlyCount "67"]
[EventDate "2020.02.22"]
[EventType "swiss"]
[EventRounds "9"]
[EventCountry "FRA"]
[SourceTitle "CBM 195 Extra"]
[Source "ChessBase"]
[SourceDate "2020.05.31"]
[SourceVersion "1"]
[SourceVersionDate "2020.05.31"]
[SourceQuality "1"]

1. c4 e5 2. Nc3 Nf6 3. Nf3 d6 4. d4 Nbd7 5. e4 Be7 6. Be2 0-0 7. 0-0 c6 8. Qc2 a6 9. Rd1 Qc7 10. Rb1 a5 11. b3 Re8 12. a3 Nf8 13. h3 Ng6 14. Be3 Bf8 15. b4 axb4 16. axb4 Bd7 17. Bg5 Be7 18. d5 h6 19. dxc6 bxc6 20. Bxf6 Bxf6 21. Qd2 Ra3 22. Qxd6 Qxd6 23. Rxd6 Rxc3 24. Rxd7 Nf4 25. Bf1 Nxh3+ 26. gxh3 Rxf3 27. b5 cxb5 28. cxb5 Be7 29. b6 Bc5 30. Rc7 Bxf2+ 31. Kg2 Rf6 32. b7 Ba7 33. Rc8 Rf8 34. Ra1 1-0

[Event "Bruges Masters"]
[Site "Bruges"]
[Date "2019.08.12"]
[Round "4"]
[White "Pel, Bonno"]
[Black "Cocquyt, Tijs"]
[Result "1-0"]
[WhiteElo "2255"]
[BlackElo "2114"]
[PlyCount "139"]
[EventDate "2019.08.11"]
[EventType "swiss"]
[EventRounds "9"]
[EventCountry "BEL"]
[SourceTitle "CBM 191 Extra"]
[Source "ChessBase"]
[SourceDate "2019.09.30"]
[SourceVersion "1"]
[SourceVersionDate "2019.09.30"]
[SourceQuality "1"]

1. g3 d5 2. Bg2 g6 3. d3 Bg7 4. Nf3 e5 5. 0-0 Ne7 6. e4 Nbc6 7. Nc3 d4 8. Ne2 h6 9. c3 Be6 10. cxd4 exd4 11. Bd2 g5 12. b4 Ng6 13. b5 Nce7 14. Qa4 Bg4 15. Rac1 0-0 16. Nexd4 Qd7 17. Qb4 Rac8 18. Be3 Bh3 19. Rfd1 Bxg2 20. Kxg2 g4 21. Ne1 Kh7 22. Rc5 Be5 23. Rc4 Bd6 24. Qd2 Ne5 25. Rc2 f5 26. Bxh6 Rh8 27. Bg5 fxe4 28. dxe4 Kg8 29. Bf6 Rh5 30. Bxe5 Bxe5 31. Nf5 Qxd2 32. Nxe7+ Kf7 33. Rcxd2 Kxe7 34. f4 gxf3+ 35. Nxf3 Bd6 36. Nd4 Bb4 37. Nf5+ Kf6 38. Rd4 Bc5 39. Rd5 Bb6 40. Rf1 Rch8 41. h4 R5h7 42. g4 Ke6 43. g5 c6 44. bxc6 bxc6 45. Rd6+ Ke5 46. Rxc6 Rd7 47. Rc2 Kxe4 48. Re2+ Kd3 49. Re6 Kc2 50. Kg3 Rc8 51. Rf3 Rd1 52. Re2+ Kb1 53. Rg2 Rc4 54. Rb3+ Ka1 55. Ne3 Bc7+ 56. Kf3 Rf4+ 57. Ke2 Kxa2 58. Rc3 Rd7 59. h5 Ba5 60. Rd3 Rxd3 61. Kxd3+ Kb3 62. g6 Bc3 63. h6 Rd4+ 64. Ke2 Rd8 65. g7 Bxg7 66. hxg7 Rg8 67. Nf5 a5 68. Ne7 Rxg7 69. Rxg7 a4 70. Rg3+ 1-0

[Event "Ghent Eastman op 42nd"]
[Site "Ghent"]
[Date "2019.07.23"]
[Round "7"]
[White "Cocquyt, Tijs"]
[Black "Hennipman, Rene"]
[Result "1/2-1/2"]
[WhiteElo "2114"]
[BlackElo "2191"]
[PlyCount "112"]
[EventDate "2019.07.20"]
[EventType "swiss"]
[EventRounds "9"]
[EventCountry "BEL"]
[SourceTitle "CBM 191 Extra"]
[Source "ChessBase"]
[SourceDate "2019.09.30"]
[SourceVersion "1"]
[SourceVersionDate "2019.09.30"]
[SourceQuality "1"]

1. d4 Nf6 2. Bg5 d5 3. Bxf6 exf6 4. e3 Bd6 5. g3 Bf5 6. Nd2 c6 7. Bg2 Na6 8. a3 Qd7 9. c4 Nc7 10. cxd5 cxd5 11. Qb3 0-0 12. Ne2 Bh3 13. 0-0 Bxg2 14. Kxg2 Rfd8 15. Rac1 Qf5 16. Nc3 h5 17. Qc2 Qd7 18. Qd1 Qg4 19. Qxg4 hxg4 20. Rc2 f5 21. Rfc1 g6 22. Ne2 Ne6 23. Nf4 Nxf4+ 24. gxf4 Kg7 25. h3 gxh3+ 26. Kxh3 f6 27. Kg2 g5 28. fxg5 fxg5 29. Nf3 Kf6 30. Rh1 Rh8 31. Rxh8 Rxh8 32. Nd2 g4 33. Nf1 Rh7 34. Ng3 Kg5 35. Rc8 Rd7 36. Rh8 Kg6 37. Rg8+ Kf7 38. Rg5 Bxg3 39. Kxg3 Ke6 40. Kf4 Rf7 41. b4 Rf6 42. Rg7 Rh6 43. f3 gxf3 44. Kxf3 Rh3+ 45. Kf4 Rh1 46. Rxb7 Rf1+ 47. Kg3 f4+ 48. exf4 Kf5 49. Rxa7 Rd1 50. b5 Rd3+ 51. Kf2 Kxf4 52. b6 Rd2+ 53. Ke1 Rb2 54. Rf7+ Ke3 55. Re7+ Kxd4 56. b7 Kc5 1/2-1/2

[Event "Ghent Taminco op 31st"]
[Site "Ghent"]
[Date "2008.07.19"]
[Round "1"]
[White "Cocquyt, Tijs"]
[Black "Roos, David"]
[Result "0-1"]
[WhiteElo "2034"]
[BlackElo "1687"]
[PlyCount "64"]
[EventDate "2008.07.19"]
[EventType "swiss"]
[EventRounds "9"]
[EventCountry "BEL"]
[SourceTitle "CBM 125 Extra"]
[Source "ChessBase"]
[SourceDate "2008.09.01"]
[SourceVersion "1"]
[SourceVersionDate "2008.09.01"]
[SourceQuality "1"]

1. e4 c5 2. f4 d5 3. exd5 Nf6 4. Nf3 Nxd5 5. d3 Nc6 6. Bd2 e6 7. Nc3 Be7 8. Qe2 0-0 9. 0-0-0 Bf6 10. Ne4 a5 11. Nxf6+ Qxf6 12. Qe4 b5 13. Ne5 Nd4 14. c3 Nf5 15. g4 Nd6 16. Qf3 Qe7 17. g5 Bb7 18. Qh3 f6 19. g6 h6 20. Nf7 Nf5 21. Rg1 Qc7 22. Bg2 Nde7 23. Rde1 Ra6 24. Bxb7 Qxb7 25. Rg2 Qd7 26. Qh5 Qxd3 27. Rge2 Qd5 28. a3 b4 29. axb4 axb4 30. cxb4 Qb3 31. Kb1 Qd3+ 32. Kc1 Ra1# 0-1